Normal view
MARC view
Entry Personal Name
001 - CONTROL NUMBER
- control field: 1175329
003 - CONTROL NUMBER IDENTIFIER
- control field: OSt
005 - DATE AND TIME OF LATEST TRANSACTION
- control field: 20260324124737.0
008 - FIXED-LENGTH DATA ELEMENTS
- fixed length control field: 260324|| aca||aabn | a|a d
040 ## - CATALOGING SOURCE
- Original cataloging agency: OSt
- Transcribing agency: OSt
100 ## - HEADING--PERSONAL NAME
- Personal name: Tetsuo Kishi; Richard Foulkes; Julia Swindells; Robert Sawyer; David Francis Taylor; Gail Marshall
670 ## - SOURCE DATA FOUND
- Source citation: Work cat.: (OSt)1769978: Tetsuo Kishi; Richard Foulkes; Julia Swindells; Robert Sawyer; David Francis Taylor; Gail Marshall, Lives of Shakespearian Actors, Part III, Volume 1
